Relaciones y arreglos políticos y jurídicos entre los estados y los pueblos indígenas en América Latina en la última década /
Guardado en:
| 主要作者: | |
|---|---|
| 格式: | Texto |
| 叢編: | SERIE POLITICAS SOCIALES CEPAL
|
| 主題: | |
| 標簽: |
添加標簽
沒有標簽, 成為第一個標記此記錄!
|
MARC
| LEADER | 00000 a a2200000 04500 | ||
|---|---|---|---|
| 001 | 48428 | ||
| 003 | |||
| 040 | |||
| 090 | |a REV1291 (69) 2003 | ||
| 100 | |a Bengoa, José | ||
| 245 | |a Relaciones y arreglos políticos y jurídicos entre los estados y los pueblos indígenas en América Latina en la última década / |c José Bengoa | ||
| 440 | |a SERIE POLITICAS SOCIALES |a CEPAL | ||
| 650 | |a POBLACION INDIGENA | ||
| 650 | |a LEGISLACION | ||
| 650 | |a OIT | ||
| 650 | |a PARTICIPACION SOCIAL | ||
| 650 | |a TENENCIA DE LA TIERRA | ||
| 650 | |a EDUCACION | ||
| 650 | |a IDENTIDAD CULTURAL | ||
| 773 | |g número69, (2003) | ||
| 999 | |c 30153 |d 30153 | ||
